Does vocational training promote female labour force participation? An analysis for India (Record no. 518755)

000 -LEADER
fixed length control field 01715nam a22001577a 4500
008 - FIXED-LENGTH DATA ELEMENTS--GENERAL INFORMATION
fixed length control field 211101b ||||| |||| 00| 0 eng d
100 ## - MAIN ENTRY--PERSONAL NAME
Personal name Bhairagyta, I., Bhattacharya, T. and Tiwari, P.
245 ## - TITLE STATEMENT
Title Does vocational training promote female labour force participation? An analysis for India
260 ## - PUBLICATION, DISTRIBUTION, ETC. (IMPRINT)
Place of publication, distribution, etc Margin: The Journal of Applied Economic Research
300 ## - PHYSICAL DESCRIPTION
Extent 15(1), Feb, 2021: p.149-173
520 ## - SUMMARY, ETC.
Summary, etc The objective of the article is to assess the impact of formal and informal vocational training on female labour force participation in India, based on the Periodic Labour Force Survey data for 2017–2018, employing a trivariate probit model. Results show that participation both in formal and informal vocational training has a positive and statistically significant impact on female labour force participation across all specifications of the regression models, thus showing the robustness of the relationship. Most importantly, the provision of vocational training helps break the traditional U-shaped relationship between female labour force participation and educational levels. However, the fact that the percentage of formal vocational training holders is much lower than that of informal vocational training holders and that it varies among males and females, points to the need for special policy attention on the promotion of female participation in formal vocational training on a large scale. – Reproduced
650 ## - SUBJECT ADDED ENTRY--TOPICAL TERM
Topical term or geographic name as entry element Female labour force participation, Indian labour force, Skill India, Formal vocational training, Informal vocational training, Trivariate probit
9 (RLIN) 28550
773 ## - HOST ITEM ENTRY
Main entry heading Margin: The Journal of Applied Economic Research
906 ## - LOCAL DATA ELEMENT F, LDF (RLIN)
Subject DIP LABOUR
942 ## - ADDED ENTRY ELEMENTS (KOHA)
Item type Articles
Holdings
Withdrawn status Lost status Source of classification or shelving scheme Damaged status Not for loan Permanent location Current location Date acquired Serial Enumeration / chronology Barcode Date last seen Koha item type
          Indian Institute of Public Administration Indian Institute of Public Administration 2021-11-01 15(1), Feb, 2021: p.149-173 AR125851 2021-11-01 Articles

Powered by Koha